20th Century U.S Presidents - Sudden Death - Statistics

General Stats
  • This quiz has been taken 602 times
  • The average score is 8 of 15
Answers on the Grid
Answers color-coded by a green-red scale on the quiz's grid according to % correct below.
Abraham Lincoln
Andrew Jackson
Barack Obama
Benjamin Harrison
Bill Clinton
Calvin Coolidge
Chester A. Arthur
Donald Trump
Dwight D. Eisenhower
Franklin D. Roosevelt
George H. W. Bush
George W. Bush
George Washington
Gerald Ford
Grover Cleveland
Harry S. Truman
James A. Garfield
James Buchanan
James Madison
James Monroe
Jimmy Carter
Joe Biden
John Adams
John F. Kennedy
John Quincy Adams
Martin Van Buren
Millard Fillmore
Richard Nixon
Ronald Reagan
Rutherford B. Hayes
Theodore Roosevelt
Thomas Jefferson
Ulysses S. Grant
Warren G. Harding
William Howard Taft
Woodrow Wilson
 
Answer Stats
Answer % Correct
Bill Clinton
72%
Dwight D. Eisenhower
70%
Franklin D. Roosevelt
62%
George H. W. Bush
62%
Harry S. Truman
61%
Ronald Reagan
57%
Jimmy Carter
56%
John F. Kennedy
56%
Richard Nixon
56%
Woodrow Wilson
54%
Gerald Ford
53%
Theodore Roosevelt
50%
Calvin Coolidge
49%
Warren G. Harding
40%
William Howard Taft
38%
No matching quizzes found
Score Distribution
Percent of People with Each Score
Percentile by Number Answered
Your Score History
You have not taken this quiz